Normal view MARC view
  • Derecho electoral

Entry Materia

Number of records used in: 35

001 - NÚMERO DE CONTROL DEL REGISTRO

  • campo de control: 6913

003 - IDENTIFICADOR DE NUMERO DE CONTROL

  • campo de control: MX-MxUPN

005 - FECHA Y HORA DE LA ÚLTIMA TRANSACCIÓN

  • campo de control: 20250808113933.0

008 - DATOS DE LONGITUD FIJA

  • campo de control de longitud fija: 240610dn annnnbabd n ana |d

035 ## - NÚMERO DE CONTROL DEL SISTEMA

  • Número de control del sistema: UPN10000006915

040 ## - FUENTE DE LA CATALOGACIÓN

  • Centro catalogador de origen: MX-MxUPN
  • Lengua de catalogación: spa

150 ## - ENCABEZAMIENTO - TEMÁTICO

  • Término de materia o nombre geográfico como elemento inicial: Derecho electoral
  • Subdivisión geográfica: México

670 ## - FUENTE EN LA QUE SE LOCALIZARON DATOS

  • Cita de la fuente: Escamilla González, G. Lista de encabezamientos de materia, 1978 :
  • Información localizada: página 249 (Derecho electoral -- México)

902 ## - CATALOGADOR

  • Catalogador: MEEG/010807
  • Catalogador: VíctorGodínez/100624